| 000 -ლიდერი |
| ფიქსირებული სიგრძის საკონტროლო ველი |
01313nam a2200253Ia 4500 |
| 001 - საკონტროლო ნომერი |
| საკონტროლო ველი |
23821 |
| 003 - საკონტროლო ნომრის იდენტიფიკატორი |
| საკონტროლო ველი |
GE_BSU |
| 005 - ბოლო ოპერაციის თარიღი და დრო |
| საკონტროლო ველი |
20230330151848.0 |
| 008 - ფიქსირებული სიგრძის მონაცემთა ელემენტები - ზოგადი ინფორმაცია |
| ფიქსირებული სიგრძის საკონტროლო ველი |
181216s1975ge xx |||||||||||||| ||geo|| |
| 040 ## - კატალოგიზაციის წყარო |
| Transcribing agency |
GE_BSU |
| 041 ## - ენის კოდი |
| Language code of text/sound track or separate title |
geo |
| 080 ## - უნივერსალური ათობითი კლასიფიკაციის ინდექსი |
| Universal Decimal Classification number |
94(3)+ 821.14'01-32 ჰ-46 |
| 100 ## - მთავარი ჩანაწერი - პიროვნების სახელი |
| Personal name |
ჰეროდოტე |
| 9 (RLIN) |
16935 |
| 245 ## - ცნობა სათაურის შესახებ |
| Title |
ისტორია. ტ.1 / |
| Statement of responsibility, etc |
ჰეროდოტე, ბერძნ. თარგმნა, წინასიტყვ. და საძიებელი დაურთო თ. ყაუხჩიშვილმა. რედ. ბ. ბრეგვაძე |
| 250 ## - გამოცემის ცნობა |
| Edition statement |
თბილ. უნ-ტის ბერძნულ-ლათინური ბიბ-კა. |
| 264 ## - წარმოების, გამოცემის, დისტრიბუციის და სხვა ცნობები |
| გამოცემის, წარმოების, დისტრიბუციის... ადგილი |
თბილისი : |
| გამოცემის, წარმოების, დისტრიბუციის... სახელწოდება |
თბილ. უნ-ტის გამ-ბა, |
| გამოცემის, წარმოების, დისტრიბუციის... თარიღი |
1975. |
| 300 ## - ფიზიკური აღწერა |
| Extent |
358 გვ. : |
| Other physical details |
22 სმ. |
| 520 ## - SUMMARY, ETC. |
| Summary, etc |
პარალ. სათ. რუს და ინგლ. |
| 653 ## - INDEX TERM--UNCONTROLLED |
| Uncontrolled term |
ისტორია. ტ.1 |
| 653 ## - INDEX TERM--UNCONTROLLED |
| Uncontrolled term |
ძველი ქვეყნების ისტორია; ბერძენ-სპარსელთა ომები |
| 700 ## - ADDED ENTRY--PERSONAL NAME |
| Personal name |
ყაუხჩიშვილი, თინა |
| Relator term |
მთარგმნელი |
| 9 (RLIN) |
17379 |
| 700 ## - ADDED ENTRY--PERSONAL NAME |
| Personal name |
ბრეგაძე, ბ |
| Relator term |
რედაქტორი |
| 9 (RLIN) |
17380 |
| 942 ## - ADDED ENTRY ELEMENTS (KOHA) |
| Koha item type |
წიგნი |
| Source of classification or shelving scheme |
|